[Event "WYg18"]
[Site "Heraklio GRE"]
[Date "2002.11.23"]
[EventDate "2002.11.15"]
[Round "10"]
[Result "1-0"]
[White "Marie Sebag"]
[Black "Meihriban Shukurova"]
[WhiteElo "2362"]
[BlackElo "2243"]
[PlyCount "67"]

1.e4 c5 2.Nf3 d6 3.d4 cxd4 4.Nxd4 Nf6 5.Nc3 Nc6 6.Bg5 e6 7.Qd2
h6 8.Bxf6 gxf6 9.O-O-O a6 10.f4 h5 11.Kb1 Bd7 12.Be2 Be7
13.Nb3 Na5 14.Qe3 Nxb3 15. cxb3 Qa5 16.Rc1 Bc6 17.a3 Qc5
18.Qg3 Qd4 19.Rhd1 Qb6 20.Qg7 Rf8 21.Ka2 h4 22.f5 Qa5 23.fxe6
fxe6 24.Nd5 exd5 25.b4 Qc7 26.b5 axb5 27.exd5 Bxd5+ 28. Rxd5
Qxc1 29.Bxb5+ Kd8 30.Rxd6+ Kc8 31.Qxe7 Rxa3+ 32.Kxa3 Qc5+
33.Ka2 Qa7+ 34.Ra6 1-0

[Event "WYg18"]
[Site "Heraklio GRE"]
[Date "2002.11.24"]
[EventDate "2002.11.15"]
[Round "11"]
[Result "0-1"]
[White "Zhao Xue"]
[Black "Marie Sebag"]
[WhiteElo "2367"]
[BlackElo "2362"]
[PlyCount "134"]

1.d4 Nf6 2.c4 c6 3.Nf3 d5 4.Qc2 dxc4 5.e4 b5 6.b3 cxb3 7.axb3
e6 8.Bd2 Be7 9.Ba5 Qd7 10.Bd3 h6 11.O-O O-O 12.b4 Bb7 13.Nbd2
Qc8 14.Nb3 Nbd7 15.Qe2 Re8 16.Rac1 a6 17.Bb1 Qb8 18.Qc2 Nf8
19.Rfe1 N6d7 20.Qc3 Qa7 21.Bc7 Nb6 22.Na5 Rac8 23.Bf4 Nc4
24.Nxc4 bxc4 25.Ne5 Bf6 26.Be3 Red8 27.Nf3 Qa8 28. Nd2 a5
29.Nxc4 axb4 30.Qb3 Qb8 31.Nb6 Rc7 32.Bf4 Bxd4 33.Bxc7 Qxc7
34.Na4 c5 35.g3 Rc8 36.Red1 Qe5 37.Qc4 Qf6 38.Qe2 Nd7 39.Rd2
e5 40.Bd3 Bc6 41.Nb2 Nb6 42.Nc4 Na4 43.Qg4 Rd8 44.Kg2 Nc3
45.Re1 Bd7 46.Qh5 Bc6 47.Na5 Ba8 48. f3 Kh7 49.Bc4 g6 50.Qg4
h5 51.Qh3 Kg7 52.Nb3 Bc6 53.Qh4 Qxh4 54.gxh4 Ra8 55.Kg3 Ra3
56.Nxd4 exd4 57.Kf4 Bb5 58.Bxb5 Nxb5 59.Rc1 Rc3 60.Ra1 Na3
61. e5 Nc4 62.Re2 d3 63.Ree1 d2 64.Red1 b3 65.Ke4 b2 66.Rab1
Rc1 67.Kd3 Na3 0-1

[Event "National I"]
[Site "Montpellier FRA"]
[Date "2003.01.31"]
[EventDate "2003.01.31"]
[Round "1"]
[Result "0-1"]
[White "Marie Sebag"]
[Black "Olivier Letreguilly"]
[WhiteElo "2403"]
[BlackElo "2238"]
[PlyCount "66"]

1.e4 c5 2.Nf3 e6 3.d4 cxd4 4.Nxd4 Nc6 5.Nxc6 bxc6 6.Bd3 e5
7.O-O Nf6 8.Nd2 Be7 9.Nc4 Qc7 10.f4 d5 11.fxe5 dxc4 12.exf6
Bc5+ 13.Kh1 cxd3 14.fxg7 Rg8 15.Qh5 Bd4 16.Be3 Bxg7 17.Bf4 Qe7
18.Bd6 Qe6 19.Qxh7 f6 20.e5 f5 21.Rxf5 Qxf5 22.Qxg8+ Bf8
23.Bxf8 Be6 24.Qg7 O-O-O 25.Be7 Rg8 26.Qf6 Qh3 27.Rg1 Bd5
28.Qf2 Rh8 29.Bh4 Rxh4 30.Qf8+ Kb7 31.Qe7+ Ka6 32.Qa3+ Kb6
33.Qb3+ Bxb3 0-1

[Event "National I"]
[Site "Montpellier FRA"]
[Date "2003.02.01"]
[EventDate "2003.01.31"]
[Round "2"]
[Result "0-1"]
[White "Philippe Lucchetti"]
[Black "Marie Sebag"]
[WhiteElo "2181"]
[BlackElo "2403"]
[PlyCount "102"]

1.e4 c5 2.c3 b6 3.d4 Bb7 4.Bd3 Nf6 5.Qe2 cxd4 6.cxd4 Nc6 7.Nf3
Nb4 8.Nc3 Nxd3+ 9.Qxd3 Qc8 10.O-O Ba6 11.Nb5 Nxe4 12.Re1 Bxb5
13.Qxe4 e6 14.Bf4 Ba6 15.Rac1 Qb7 16.d5 Rc8 17.Rxc8+ Qxc8
18.Rc1 Qb7 19.Rc7 f5 20.Qa4 b5 21.Rxb7 bxa4 22.Rxa7 Bb5 23.Ra5
Be2 24.Nd4 Bc4 25.d6 Bxa2 26.Rxa4 Bd5 27.Rb4 Kf7 28.Be5 Rg8
29.Rb8 g6 30.Ne2 Bg7 31.Rxg8 Bxe5 32.Rd8 Bc6 33.Nc3 Bxd6
34.Rh8 h5 35.g3 Bf8 36.f4 Kg7 37.Rxf8 Kxf8 38.Kf2 Ke7 39.Ke3
Kf6 40.h4 d6 41.b4 e5 42.b5 Bh1 43.Kd3 Ke6 44.Ke3 Kd7 45.Kd3
Kc7 46.Kc4 d5+ 47.Kc5 d4 48.b6+ Kb8 49.Nd1 exf4 50.gxf4 d3
51.Kd4 Bf3 0-1

[Event "National I"]
[Site "Montpellier FRA"]
[Date "2003.02.02"]
[EventDate "2003.01.31"]
[Round "3"]
[Result "1/2-1/2"]
[White "Marie Sebag"]
[Black "Marc Leski"]
[WhiteElo "2403"]
[BlackElo "2421"]
[PlyCount "56"]

1.e4 d6 2.d4 Nf6 3.Nc3 g6 4.g3 Bg7 5.Bg2 O-O 6.Nge2 Nbd7 7.O-O
c5 8.h3 Rb8 9.Be3 b6 10.g4 Bb7 11.Ng3 a6 12.Qd2 b5 13.dxc5
Nxc5 14.e5 b4 15.Nce2 Nfe4 16.Nxe4 Nxe4 17.Qxb4 Ng3 18.Bxb7
Nxf1 19.Ba7 Qc7 20.Bxb8 Rxb8 21.exd6 exd6 22.Rxf1 Rxb7 23.Qe4
Rxb2 24.c4 Be5 25.Nc1 Kg7 26.a3 Qe7 27.Re1 Qf6 28.Nd3 Rd2
1/2-1/2

[Event "Cappelle La Grande"]
[Site "France"]
[Date "2003.02.23"]
[EventDate "2003.02.22"]
[Round "2"]
[Result "1-0"]
[White "Manuel Apicella"]
[Black "Marie Sebag"]
[WhiteElo "2501"]
[BlackElo "2403"]
[PlyCount "69"]

1. e4 e5 2. Nf3 Nc6 3. Bb5 a6 4. Ba4 Nf6 5. O-O b5 6. Bb3 Bc5
7. a4 Rb8 8. c3 d6 9. d4 Bb6 10. h3 O-O 11. Be3 exd4 12. cxd4
Nxe4 13. Bd5 Qe8 14. Re1 Nf6 15. Bg5 Nxd5 16. Rxe8 Rxe8
17. Nc3 Nxc3 18. bxc3 Bf5 19. Nh4 Be4 20. Qg4 b4 21. Re1 Bc2
22. Rxe8+ Rxe8 23. Qd7 Re1+ 24. Kh2 h6 25. Nf3 b3 26. Nxe1 b2
27. Nxc2 b1=Q 28. Qe8+ Kh7 29. Qe4+ Kg8 30. Bh4 Na5 31. Qe8+
Kh7 32. Ne3 Qg6 33. Nd5 f5 34. Qf8 Nc6 35. Nf4 1-0

[Event "Cappelle La Grande"]
[Site "France"]
[Date "2003.02.24"]
[EventDate "2003.02.22"]
[Round "4"]
[Result "1-0"]
[White "Artashes Minasian"]
[Black "Marie Sebag"]
[WhiteElo "2557"]
[BlackElo "2403"]
[PlyCount "47"]

1. e4 c5 2. Nf3 d6 3. Bc4 Nf6 4. d3 Nc6 5. c3 e6 6. Nbd2 Be7
7. O-O O-O 8. Qe2 a6 9. Bb3 b5 10. d4 cxd4 11. cxd4 Bb7
12. Rd1 Qc7 13. Nf1 a5 14. Ng3 a4 15. Bc2 Nb4 16. Bb1 Rfc8
17. Ne1 Qc4 18. Qe3 Nc6 19. b3 axb3 20. axb3 Qb4 21. Nc2 Ng4
22. Rxa8 Bxa8 23. Qf3 Nxd4 24. Rxd4 1-0

[Event "Cappelle La Grande"]
[Site "France"]
[Date "2003.02.27"]
[EventDate "2003.02.22"]
[Round "7"]
[Result "0-1"]
[White "Marie Sebag"]
[Black "Michail Brodsky"]
[WhiteElo "2403"]
[BlackElo "2550"]
[PlyCount "100"]

1. e4 c5 2. Nf3 e6 3. c3 d5 4. exd5 exd5 5. Bb5+ Bd7 6. Bxd7+
Nxd7 7. O-O Ngf6 8. Re1+ Be7 9. Qe2 Rc8 10. d4 Ne4 11. Nfd2
O-O 12. Nxe4 dxe4 13. Qxe4 Re8 14. Qxb7 cxd4 15. cxd4 Bh4
16. Rf1 Bxf2+ 17. Kh1 Bxd4 18. Nc3 Ne5 19. Bf4 Qb6 20. Qxb6
axb6 21. Rad1 Bxc3 22. bxc3 Nc4 23. Rd7 Rcd8 24. Rc7 Re4
25. h3 f6 26. Rb7 Re2 27. Rc7 Re4 28. Rb7 h5 29. Bc7 Rd2
30. Bxb6 Ree2 31. Rg1 Rxa2 32. Bc5 Nd2 33. Rb8+ Kh7 34. Bd6
Ne4 35. Bf8 Ng3+ 36. Kh2 Nf1+ 37. Kh1 Ng3+ 38. Kh2 Nf5 39. Kh1
g5 40. Bc5 Nh4 41. Bd4 Nxg2 42. Rb7+ Kg6 43. Rb6 Nf4 44. Rxf6+
Kh7 45. Rg3 h4 46. Rf7+ Kh6 47. Rxf4 hxg3 48. Rf6+ Kh5 49. Kg1
Rg2+ 50. Kf1 Rh2 0-1

[Event "Stroer Trophy"]
[Site "Cannes FRA"]
[Date "2003.03.08"]
[EventDate "2003.03.08"]
[Round "1"]
[Result "0-1"]
[White "Cristina-Adela Foisor"]
[Black "Marie Sebag"]
[WhiteElo "2403"]
[BlackElo "2403"]
[PlyCount "112"]

1.Nf3 Nf6 2.c4 c6 3.Nc3 d5 4.e3 a6 5.d4 b5 6.b3 Bg4 7.Be2 Nbd7
8.O-O Qb8 9.cxd5 cxd5 10.Bb2 e6 11.h3 Bh5 12.Ne5 Bxe2 13.Nxe2
Bd6 14.f4 O-O 15.g4 Qa7 16.Ng3 Ne4 17.Nxe4 dxe4 18.Nxd7 Qxd7
19.Qc2 Qb7 20.Rac1 Rfc8 21.Qb1 Rd8 22.Rf2 a5 23.Rcf1 f5 24.Rg2
Qd5 25.Kh1 a4 26.Qd1 Bf8 27.gxf5 exf5 28. Rfg1 axb3 29.axb3
Ra2 30.Bc3 Ra7 31.Be1 Rc8 32.Kh2 Rc6 33.Qh5 Qf7 34.Qd1 Rca6
35.Qc2 Rc7 36.Qd1 Rac6 37.Ba5 Ra7 38.Be1 Rca6 39.Qc2 Qc7
40.Qe2 Qd7 41.Qh5 Qf7 42.Qd1 Ra1 43.Qc2 Rc7 44.Qb2 Rcc1 45.Bf2
Rxg1 46.Bxg1 Rd1 47. Qa2 Rd3 48.Rb2 h6 49.Rb1 Bd6 50.Qg2 Rxb3
51.Rc1 Ba3 52.Rc2 b4 53.Qe2 Rd3 54.Bf2 b3 55.Rc8+ Kh7 56.Rb8
Qc7 0-1

[Event "Stroer Trophy"]
[Site "Cannes FRA"]
[Date "2003.03.09"]
[EventDate "2003.03.08"]
[Round "2"]
[Result "1-0"]
[White "Jean-Olivier Leconte"]
[Black "Marie Sebag"]
[WhiteElo "2302"]
[BlackElo "2403"]
[PlyCount "93"]

1.e4 c5 2.Nf3 Nc6 3.d4 cxd4 4.Nxd4 Nf6 5.Nc3 e5 6.Ndb5 d6
7.Bg5 a6 8.Na3 b5 9.Nd5 Be7 10.Bxf6 Bxf6 11.c3 Bg5 12.Nc2 O-O
13.a4 bxa4 14.Rxa4 a5 15. Bc4 Rb8 16.b3 Kh8 17.h4 Bh6 18.Nce3
Bxe3 19.Nxe3 Ne7 20.h5 f5 21.h6 g6 22. exf5 Nxf5 23.Nxf5 Bxf5
24.O-O Rf6 25.Qd2 Bd7 26.Ra2 Qc7 27.Bd5 Qc5 28.c4 Qb4 29.Qxb4
axb4 30.Rfa1 Rbf8 31.Ra7 Bf5 32.Rb7 g5 33.Rxb4 Rxh6 34.Rb7
Rhf6 35.Raa7 Bg6 36.f3 g4 37.fxg4 Rf1+ 38.Kh2 Re8 39.b4 e4
40.Re7 e3 41. Rxe8+ Bxe8 42.Re7 Bg6 43.Rxe3 h6 44.Rf3 Rxf3
45.gxf3 Kg7 46.b5 Kf6 47.b6 1-0

[Event "Stroer Trophy"]
[Site "Cannes FRA"]
[Date "2003.03.10"]
[EventDate "2003.03.08"]
[Round "3"]
[Result "1-0"]
[White "Marie Sebag"]
[Black "Melanie Verot"]
[WhiteElo "2403"]
[BlackElo "2044"]
[PlyCount "55"]

1.e4 e5 2.Nf3 Nc6 3.Bc4 Nf6 4.d3 Be7 5.O-O O-O 6.Re1 d6 7.a4
h6 8.Nbd2 Nh7 9.Nf1 Ng5 10.Ne3 Nxf3+ 11.Qxf3 Nd4 12.Qd1 Be6
13.c3 Bxc4 14.Nxc4 Ne6 15. Ne3 Bg5 16.d4 exd4 17.cxd4 Qf6
18.d5 Nc5 19.Ng4 Qg6 20.f4 Bh4 21.f5 Qh7 22.g3 Bg5 23.b4 Na6
24.Bxg5 hxg5 25.Kg2 Nxb4 26.h4 Qh5 27.Nf6+ gxf6 28. Qxh5 1-0

[Event "Stroer Trophy"]
[Site "Cannes FRA"]
[Date "2003.03.10"]
[EventDate "2003.03.08"]
[Round "4"]
[Result "0-1"]
[White "Monica Calzetta Ruiz"]
[Black "Marie Sebag"]
[WhiteElo "2286"]
[BlackElo "2403"]
[PlyCount "82"]

1.e4 c5 2.Nf3 d6 3.d4 cxd4 4.Nxd4 Nf6 5.Nc3 a6 6.Be3 e5 7.Nb3
Be6 8.f3 Be7 9.Qd2 O-O 10.O-O-O b5 11.g4 b4 12.Nd5 Bxd5
13.exd5 a5 14.Kb1 a4 15.Nc1 Qa5 16.g5 Nfd7 17.Rg1 Na6 18.h4
Nc7 19.h5 Nb6 20.Bxb6 Qxb6 21.Bd3 a3 22.b3 Qd4 23.c4 Qb2+
24.Qxb2 axb2 25.Kxb2 Na6 26.Rg2 Bd8 27.Bf5 Bb6 28.Ne2 Ra7
29. Bb1 f5 30.f4 Be3 31.Rf1 Re7 32.fxe5 Rxe5 33.Nf4 Nc5 34.g6
h6 35.Rf3 Rfe8 36.Kc2 Bd4 37.Nd3 Nxd3 38.Rxd3 Be3 39.Kd1 f4
40.Ke2 Rxh5 41.Rd1 Rh3 0-1

[Event "Stroer Trophy"]
[Site "Cannes FRA"]
[Date "2003.03.11"]
[EventDate "2003.03.08"]
[Round "5"]
[Result "1-0"]
[White "Marie Sebag"]
[Black "Sophie Milliet"]
[WhiteElo "2403"]
[BlackElo "2231"]
[PlyCount "131"]

1.e4 c5 2.Nf3 d6 3.c3 Nf6 4.h3 Nc6 5.Bd3 d5 6.e5 Nd7 7.Bb5 Qc7
8.d4 e6 9. O-O a6 10.Bd3 h6 11.a3 b6 12.Bf4 Bb7 13.Nbd2 c4
14.Be2 Na5 15.Qb1 Be7 16. Bg3 g5 17.Ne1 h5 18.f4 gxf4 19.Bxf4
O-O-O 20.Qd1 h4 21.Nc2 Rdg8 22.Bg4 Nf8 23.Rf2 Bc6 24.Nb4 Kb7
25.Qf1 Ng6 26.Be3 Be8 27.Rxf7 Bxf7 28.Qxf7 Nf8 29. Bxe6 Nxe6
30.Qxe6 Bxb4 31.axb4 Nb3 32.Qxd5+ Qc6 33.Qxc6+ Kxc6 34.Nxb3
cxb3 35.c4 Rg3 36.d5+ Kb7 37.Bf4 Rd3 38.e6 Re8 39.Re1 b5 40.d6
bxc4 41.Kh2 Kc6 42.d7 Rg8 43.Re2 c3 44.bxc3 Kb5 45.Bh6 Rd1
46.Be3 Rd5 47.Bd4 Ka4 48.e7 Rxd7 49.e8=Q Rxe8 50.Rxe8 b2
51.Re1 Kb3 52.Bf6 Rd2 53.Bxh4 Kc2 54.Bg5 Rd1 55.Re2+ Kb3
56.Rxb2+ Kxb2 57.Bf6 Rd6 58.Bd4 Kc2 59.Kg3 Rg6+ 60.Kf3 Rh6
61. Kg4 Kd3 62.Kg5 Rd6 63.h4 Ke4 64.h5 Rd5+ 65.Kg6 Kf4 66.Bf6
1-0

[Event "Stroer Trophy"]
[Site "Cannes FRA"]
[Date "2003.03.12"]
[EventDate "2003.03.08"]
[Round "6"]
[Result "0-1"]
[White "Emilia Djingarova"]
[Black "Marie Sebag"]
[WhiteElo "2267"]
[BlackElo "2403"]
[PlyCount "96"]

1.e4 e5 2.Nf3 Nc6 3.Bc4 Bc5 4.c3 Nf6 5.d3 d6 6.h3 a6 7.Nbd2
O-O 8.Bb3 h6 9.O-O Ba7 10.Re1 Nh5 11.Nf1 Qf6 12.Be3 Nf4
13.Bxa7 Rxa7 14.Ne3 Ne7 15.d4 Neg6 16.Kh2 c6 17.Bc2 Ra8 18.Nf5
Ne7 19.dxe5 dxe5 20.Qd6 Bxf5 21.Qxf6 gxf6 22.exf5 Rad8 23.Rad1
Nc8 24.g3 Nd5 25.Re4 Nd6 26.Rg4+ Kh8 27.Rh4 Kg7 28. Rg4+ Kh7
29.c4 Ne7 30.Re1 Kh8 31.Rh4 Ndxf5 32.Rh5 Nd4 33.Nxd4 Rxd4
34. Rxh6+ Kg7 35.Rh7+ Kg8 36.Re2 Rxc4 37.Rh6 Nd5 38.Bb3 Rd4
39.Bxd5 Kg7 40.Rh5 cxd5 41.Rf5 Rc8 42.h4 Rc1 43.h5 Rdd1 44.Kg2
d4 45.Re4 d3 46.h6+ Kh7 47. Rxf6 Rg1+ 48.Kh3 d2 0-1

[Event "Stroer Trophy"]
[Site "Cannes FRA"]
[Date "2003.03.13"]
[EventDate "2003.03.08"]
[Round "7"]
[Result "1-0"]
[White "Marie Sebag"]
[Black "Christine Flear"]
[WhiteElo "2403"]
[BlackElo "2213"]
[PlyCount "87"]

1.e4 c5 2.Nf3 e6 3.c3 Nf6 4.Bd3 d5 5.e5 Nfd7 6.Bc2 b6 7.O-O
Ba6 8.Re1 Nc6 9.a3 Be7 10.d4 g5 11.h3 h5 12.Be3 g4 13.hxg4
hxg4 14.Nh2 Bg5 15.Qxg4 Bxe3 16.Rxe3 Qc7 17.Nd2 O-O-O 18.Rg3
Kb8 19.Ba4 Ne7 20.Rh3 Nf5 21.Rxh8 Rxh8 22. Ndf3 Nf8 23.dxc5
bxc5 24.Bc2 Ng6 25.Bxf5 exf5 26.Qxf5 Bc8 27.Qf6 Rh5 28. Re1
Rf5 29.Qd6 Qxd6 30.exd6 Kb7 31.b4 Kc6 32.bxc5 Kxc5 33.Re8 Bd7
34.Ra8 Kxd6 35.Rxa7 Nf4 36.Ra6+ Kc7 37.Nd4 Re5 38.Nhf3 Ne2+
39.Nxe2 Rxe2 40.Nd4 Ra2 41.Rf6 Be8 42.Ra6 Ra1+ 43.Kh2 Kb7
44.Ra5 1-0

[Event "Stroer Trophy"]
[Site "Cannes FRA"]
[Date "2003.03.14"]
[EventDate "2003.03.08"]
[Round "8"]
[Result "0-1"]
[White "Anne Muller"]
[Black "Marie Sebag"]
[WhiteElo "2176"]
[BlackElo "2403"]
[PlyCount "116"]

1.d4 d5 2.c4 c6 3.cxd5 cxd5 4.Nf3 Nc6 5.Nc3 Nf6 6.Bf4 a6 7.e3
Bg4 8.a3 e6 9.h3 Bxf3 10.Qxf3 h6 11.Bd3 Bd6 12.Bxd6 Qxd6
13.Rc1 O-O 14.O-O Rad8 15.Na4 e5 16.dxe5 Nxe5 17.Qe2 Rfe8
18.Nc5 Qb6 19.b4 d4 20.exd4 Rxd4 21.Qc2 Nxd3 22.Nxd3 a5 23.Rb1
Qb5 24.Rfd1 Red8 25.Nc5 axb4 26.axb4 Rxd1+ 27.Rxd1 Rxd1+
28.Qxd1 Qxb4 29.Qd8+ Kh7 30.Qc7 b6 31.Nb7 Qe1+ 32.Kh2 Qxf2
33.Nd8 Nd5 34. Qxf7 Qxf7 35.Nxf7 Kg6 36.Nd6 Kf6 37.Kg3 Ke5
38.Nb5 Nf6 39.h4 Ke4 40.Nc7 Ke3 41.Nb5 h5 42.Nc7 g6 43.Nb5
Ne4+ 44.Kh3 Kf4 45.Nc7 Nf2+ 46.Kh2 Kg4 47. Nd5 b5 48.g3 Ne4
49.Nf4 Nxg3 50.Nxg6 Nf5 51.Ne5+ Kf4 52.Nc6 Nxh4 53.Kh3 Ng6
54.Nb4 Ke4 55.Kg3 Kd4 56.Kf3 Kc4 57.Nc2 b4 58.Ne3+ Kd3 0-1

[Event "Stroer Trophy"]
[Site "Cannes FRA"]
[Date "2003.03.15"]
[EventDate "2003.03.08"]
[Round "9"]
[Result "0-1"]
[White "Marie Sebag"]
[Black "Zhao Xue"]
[WhiteElo "2403"]
[BlackElo "2428"]
[PlyCount "94"]

1.e4 c5 2.Nf3 d6 3.d4 cxd4 4.Nxd4 Nf6 5.Nc3 a6 6.Be3 e5 7.Nb3
Be6 8.f3 Be7 9.Qd2 O-O 10.O-O-O Qc7 11.Kb1 Rc8 12.g4 d5
13.exd5 Nxd5 14.Nxd5 Bxd5 15. Qf2 Be6 16.Rg1 Nd7 17.f4 Bh4
18.Qd2 Nf6 19.Bd3 Rd8 20.fxe5 Nxg4 21.Bd4 f5 22.exf6 Bxf6
23.Bxf6 Nxf6 24.Rdf1 Kh8 25.Qg5 Rd5 26.Qe3 Bg8 27.Rg3 Re8
28. Qg1 Qe7 29.Rg5 Ne4 30.Rxd5 Bxd5 31.c4 Bf7 32.Bc2 Bxc4
33.Rd1 Bf7 34.Qd4 Nf6 35.h4 Bd5 36.Rf1 Be4 37.Bxe4 Qxe4+
38.Qxe4 Rxe4 39.Nc5 Re7 40.Rd1 h5 41.Rd8+ Kh7 42.Rb8 Ne4
43.Nxb7 g5 44.Na5 gxh4 45.Nc6 Rc7 46.Rb4 Nd2+ 47. Kc2 Nf3 0-1

[Event "Deizisau GER"]
[Site "IM"]
[Date "2003.04.12"]
[EventDate "2003.04.05"]
[Round "1"]
[Result "1-0"]
[White "Marie Sebag"]
[Black "Stefan Auch"]
[WhiteElo "2394"]
[BlackElo "2043"]
[PlyCount "69"]

1.e4 c5 2.c3 d5 3.exd5 Qxd5 4.d4 Nc6 5.Nf3 Bg4 6.Be2 Nf6 7.h3
Bh5 8.c4 Qd6 9.d5 Bxf3 10.Bxf3 Nd4 11.Be3 e5 12.dxe6 Nxe6
13.Bxb7 Qxd1+ 14.Kxd1 Rd8+ 15.Kc2 Bd6 16.Bc6+ Ke7 17.Re1 Rb8
18.Nc3 Rhc8 19.Bd5 Kf8 20.Bxe6 fxe6 21. Rad1 Be5 22.Na4 Kf7
23.b3 Bd4 24.Bxd4 cxd4 25.Rxd4 Nd5 26.Kb2 Nb6 27.Nxb6 Rxb6
28.Rd7+ Kf6 29.Kc3 a6 30.Re3 Rc5 31.Rf3+ Rf5 32.Rxf5+ exf5
33.c5 Rc6 34.Kc4 Ke6 35.Rxg7 1-0

[Event "Deizisau GER"]
[Site "IM"]
[Date "2003.04.12"]
[EventDate "2003.04.05"]
[Round "2"]
[Result "1/2-1/2"]
[White "Ilja Zaragatski"]
[Black "Marie Sebag"]
[WhiteElo "2336"]
[BlackElo "2394"]
[PlyCount "63"]

1.e4 e5 2.Nf3 Nc6 3.Bb5 a6 4.Ba4 Nf6 5.O-O b5 6.Bb3 Bc5 7.a4
Rb8 8.c3 d6 9.d4 Bb6 10.Na3 O-O 11.axb5 axb5 12.Nxb5 exd4
13.cxd4 Bg4 14.Ra4 Re8 15. Bg5 h6 16.Bd5 Bxf3 17.gxf3 hxg5
18.Bxc6 Re6 19.Nc3 Nh5 20.Kh1 Nf4 21.Rg1 Rh6 22.Nd5 Nxd5
23.Bxd5 Qf6 24.Rg3 g6 25.Kg2 Kg7 26.Qd2 Rh5 27.Qc3 g4 28. fxg4
Rxh2+ 29.Kxh2 Qxf2+ 30.Kh1 Qf1+ 31.Kh2 Qf2+ 32.Kh1 1/2-1/2

[Event "Deizisau GER"]
[Site "IM"]
[Date "2003.04.13"]
[EventDate "2003.04.05"]
[Round "3"]
[Result "1-0"]
[White "Marie Sebag"]
[Black "Arik Braun"]
[WhiteElo "2394"]
[BlackElo "2324"]
[PlyCount "69"]

1.e4 e6 2.d4 d5 3.Nd2 Nf6 4.e5 Nfd7 5.Bd3 c5 6.c3 Nc6 7.Ngf3
Qb6 8.O-O cxd4 9.cxd4 Nxd4 10.Nxd4 Qxd4 11.Nf3 Qb6 12.Qa4 Bc5
13.a3 Kf8 14.Bd2 Be7 15.Qc2 Kg8 16.b4 Qd8 17.a4 g6 18.Qc1 h5
19.a5 Kg7 20.Qe1 a6 21.Nd4 Nb8 22. f4 Nc6 23.Nxc6 bxc6 24.Rc1
Bb7 25.Qg3 h4 26.Qg4 h3 27.f5 exf5 28.Rxf5 hxg2 29.Rxf7+ Kxf7
30.Qxg6+ Kf8 31.Kxg2 Bf6 32.exf6 Qd7 33.Bh6+ Rxh6 34.Qxh6+ Kg8
35.Kh1 1-0

[Event "Deizisau GER"]
[Site "IM"]
[Date "2003.04.14"]
[EventDate "2003.04.05"]
[Round "4"]
[Result "1/2-1/2"]
[White "Jelmer Jens"]
[Black "Marie Sebag"]
[WhiteElo "2375"]
[BlackElo "2394"]
[PlyCount "65"]

1.e4 e5 2.Nf3 Nc6 3.Bb5 a6 4.Ba4 Nf6 5.O-O b5 6.Bb3 Bc5 7.a4
Rb8 8.c3 d6 9.d4 Bb6 10.axb5 axb5 11.Na3 O-O 12.Nxb5 exd4
13.cxd4 Bg4 14.Ra3 Re8 15. Re1 d5 16.e5 Ne4 17.Be3 Na5 18.Nc3
Nxc3 19.bxc3 Qe7 20.Qc1 Bxf3 21.gxf3 Nc4 22.Bxc4 dxc4 23.Ra4
Qe6 24.Qd1 Qc6 25.Kh1 Rbd8 26.Bg5 Rd7 27.Ra1 f6 28.exf6 Rxe1+
29.Qxe1 Qxf3+ 30.Kg1 Qg4+ 31.Kh1 Qf3+ 32.Kg1 Qg4+ 33.Kh1
1/2-1/2

[Event "Deizisau GER"]
[Site "IM"]
[Date "2003.04.15"]
[EventDate "2003.04.05"]
[Round "6"]
[Result "1/2-1/2"]
[White "David Baramidze"]
[Black "Marie Sebag"]
[WhiteElo "2440"]
[BlackElo "2394"]
[PlyCount "63"]

1.e4 e5 2.Nf3 Nc6 3.Bb5 a6 4.Ba4 Nf6 5.O-O b5 6.Bb3 Bc5 7.a4
Bb7 8.c3 d6 9.d4 Bb6 10.Re1 O-O 11.axb5 axb5 12.Rxa8 Qxa8
13.Bg5 Nxe4 14.Rxe4 Nxd4 15. cxd4 Bxe4 16.dxe5 dxe5 17.Nc3 h6
18.Nxe4 Qxe4 19.Bh4 Qf5 20.Bc2 e4 21.Bg3 Re8 22.Qe2 Qd5 23.h3
Re6 24.Ne5 Rxe5 25.Bxe5 Qxe5 26.Qxe4 Qxe4 27.Bxe4 Bd4 28.b3
Kf8 29.Bc6 b4 30.Bd5 Ke7 31.Kf1 f6 32.Ke2 1/2-1/2

[Event "Deizisau GER"]
[Site "IM"]
[Date "2003.04.16"]
[EventDate "2003.04.05"]
[Round "7"]
[Result "1/2-1/2"]
[White "Marie Sebag"]
[Black "Ruud Janssen"]
[WhiteElo "2394"]
[BlackElo "2483"]
[PlyCount "91"]

1.e4 c5 2.c3 Nf6 3.e5 Nd5 4.d4 cxd4 5.Nf3 e6 6.cxd4 d6 7.Nc3
Nxc3 8.bxc3 Qc7 9.Bd2 Nd7 10.Ng5 h6 11.exd6 Bxd6 12.Ne4 Bf4
13.Bd3 b6 14.Bxf4 Qxf4 15. O-O Bb7 16.Re1 O-O 17.Bc2 Rfd8
18.Re3 Rac8 19.Qe2 Bd5 20.Bb3 Nf8 21.Ng3 Ng6 22.Nh5 Qg5 23.Rg3
Nf4 24.Nxf4 Qxf4 25.h3 Rc7 26.Rg4 Qf6 27.Qd2 b5 28. Re1 b4
29.cxb4 Bxb3 30.axb3 Rd5 31.Ree4 Rcd7 32.Qe3 Kh7 33.Qd3 g6
34.Qc4 Qg7 35.Rgf4 R5d6 36.Re5 Qh8 37.h4 Qd8 38.Ree4 Kg7
39.Qc3 Rd5 40.Re5 Rxd4 41.Rxd4 Rxd4 42.Re4 e5 43.Rxe5 Rd1+
44.Re1+ Qd4 45.Qxd4+ Rxd4 46.g3 1/2-1/2

[Event "Deizisau GER"]
[Site "IM"]
[Date "2003.04.16"]
[EventDate "2003.04.05"]
[Round "8"]
[Result "0-1"]
[White "Marie Sebag"]
[Black "Lorenz Maximilian Drabke"]
[WhiteElo "2394"]
[BlackElo "2441"]
[PlyCount "86"]

1.e4 d5 2.exd5 Qxd5 3.Nc3 Qa5 4.d4 c6 5.Nf3 Nf6 6.Bd2 Bf5
7.Bc4 e6 8.Nd5 Qd8 9.Nxf6+ gxf6 10.a3 Nd7 11.Qe2 Qc7 12.Nh4
Bg6 13.f4 f5 14.g4 O-O-O 15. gxf5 exf5 16.O-O-O Bd6 17.Qf1 Nf6
18.Bd3 Ne4 19.Bxe4 fxe4 20.Qe2 f5 21. Rdf1 Qf7 22.Kb1 Bh5
23.Qe3 Rhg8 24.Rhg1 Be7 25.Be1 Qd5 26.Bf2 Qb5 27.c4 Qxc4
28.Nxf5 Bf6 29.Bh4 Bxh4 30.Nxh4 Qd3+ 31.Qxd3 exd3 32.Rxg8 Rxg8
33.Kc1 Rg4 34.Nf5 Rg2 35.Nd6+ Kc7 36.Ne4 Rc2+ 37.Kb1 Re2
38.Ng3 d2 39.Kc2 Rf2 40. Nxh5 Rxf1 41.Kxd2 Rf2+ 42.Ke3 Rxh2
43.f5 Kd6 0-1

[Event "Deizisau GER"]
[Site "IM"]
[Date "2003.04.17"]
[EventDate "2003.04.05"]
[Round "9"]
[Result "1-0"]
[White "Falko Bindrich"]
[Black "Marie Sebag"]
[WhiteElo "2284"]
[BlackElo "2394"]
[PlyCount "93"]

1.e4 c5 2.Nf3 d6 3.d4 cxd4 4.Nxd4 Nf6 5.Nc3 a6 6.Be3 e5 7.Nb3
Be6 8.f3 Nbd7 9.g4 b5 10.g5 b4 11.Nd5 Nxd5 12.exd5 Bf5 13.Bd3
Bxd3 14.Qxd3 Be7 15. h4 O-O 16.O-O-O a5 17.Nd2 f5 18.Nc4 a4
19.Kb1 Qc7 20.b3 Nc5 21.Bxc5 Qxc5 22.Qe3 Qc7 23.Rhe1 Ra6
24.Re2 f4 25.Qd2 Rb8 26.Nb2 axb3 27.cxb3 Qd7 28.Nd3 Bd8
29.Nxb4 Ba5 30.Qd3 Raa8 31.Nc6 Rb7 32.Nxa5 Rxa5 33.Rc2 g6
34.Rc6 Rba7 35.a4 Rb7 36.Ka2 Ra8 37.Rdc1 Qh3 38.Rxd6 Qxh4
39.Rdc6 Qf2+ 40.R1c2 Qd4 41. Qxd4 exd4 42.Rc8+ Rxc8 43.Rxc8+
Kf7 44.Rc4 Ke7 45.Rxd4 Kd6 46.Rxf4 Kxd5 47.Ka3 1-0

[Event "7th Neckar Open"]
[Site "Deizisau GER"]
[Date "2003.04.19"]
[EventDate "2003.04.17"]
[Round "4"]
[Result "1-0"]
[White "Marie Sebag"]
[Black "Kaido Kulaots"]
[WhiteElo "2394"]
[BlackElo "2514"]
[PlyCount "75"]

1.e4 c5 2.c3 Nf6 3.e5 Nd5 4.d4 cxd4 5.Nf3 Nc6 6.Bc4 Nb6 7.Bb3
d5 8.exd6 Qxd6 9.O-O Be6 10.Bxe6 Qxe6 11.Nxd4 Nxd4 12.Qxd4 Rd8
13.Qh4 h5 14.h3 Qc4 15.Qg3 Qd3 16.Be3 Nc4 17.Na3 Nxe3 18.fxe3
a6 19.Qf3 Qd5 20.e4 Qe6 21.Rad1 Rxd1 22.Rxd1 Qb6+ 23.Kh1 Qc7
24.e5 e6 25.Nc4 Bc5 26.Nd6+ Bxd6 27.exd6 Qd7 28.c4 Kd8 29.Qf2
Rh6 30.Qb6+ Kc8 31.b4 Kb8 32.b5 axb5 33.cxb5 e5 34.a4 e4 35.a5
e3 36.Qxe3 Re6 37.Qb6 Re5 38.a6 1-0

[Event "7th Neckar Open"]
[Site "Deizisau GER"]
[Date "2003.04.19"]
[EventDate "2003.04.17"]
[Round "5"]
[Result "1-0"]
[White "Liviu Dieter Nisipeanu"]
[Black "Marie Sebag"]
[WhiteElo "2606"]
[BlackElo "2394"]
[PlyCount "99"]

1.e4 e5 2.Nf3 Nc6 3.Bb5 a6 4.Bxc6 dxc6 5.Nc3 f6 6.d4 exd4
7.Nxd4 c5 8.Nde2 Qxd1+ 9.Nxd1 Bd7 10.Bf4 O-O-O 11.Ne3 Be6
12.Rd1 Rxd1+ 13.Kxd1 Ne7 14.h4 f5 15.e5 Nd5 16.Kc1 Be7 17.Bg5
Re8 18.Nxd5 Bxd5 19.Nf4 Bg8 20.Bxe7 Rxe7 21. Re1 Kd7 22.Re3
Kc6 23.Rg3 Bd5 24.h5 a5 25.Rg5 Rf7 26.a3 a4 27.Kd2 b5 28.e6
Re7 29.Nxd5 Kxd5 30.Rxf5+ Kd6 31.Rf7 Kxe6 32.Rxe7+ Kxe7 33.Ke3
Kf6 34.f4 Kf5 35.Kf3 h6 36.g4+ Kf6 37.Ke4 c6 38.c3 Ke6 39.g5
c4 40.f5+ Kf7 41.gxh6 gxh6 42.Ke5 c5 43.f6 Kf8 44.Kf4 Kg8
45.Ke4 Kf8 46.Ke5 Ke8 47.Kd5 Kf7 48. Kxc5 Kxf6 49.Kxb5 Kg5
50.Kxa4 1-0

[Event "7th Neckar Open"]
[Site "Deizisau GER"]
[Date "2003.04.20"]
[EventDate "2003.04.17"]
[Round "6"]
[Result "0-1"]
[White "Marie Sebag"]
[Black "Vladimir Burmakin"]
[WhiteElo "2394"]
[BlackElo "2569"]
[PlyCount "74"]

1.e4 c6 2.d4 d5 3.exd5 cxd5 4.c4 Nf6 5.Nc3 g6 6.Nf3 Bg7 7.Be2
O-O 8.h3 b6 9.O-O Bb7 10.Ne5 dxc4 11.Bxc4 e6 12.Be2 Nc6 13.Bf3
Qc8 14.Bf4 Rd8 15.Nb5 Nxe5 16.Bxe5 Ne8 17.Rc1 Qd7 18.Bxb7 Qxb7
19.Qa4 a6 20.Nc3 Rac8 21.Qb3 b5 22.Rfe1 Rc4 23.a4 Rdc8 24.axb5
axb5 25.Rcd1 Nc7 26.Bxg7 Kxg7 27.Re5 Qc6 28.h4 Rd8 29.Ne2 Nd5
30.Rd2 Rc8 31.h5 Nf6 32.Ng3 Ra4 33.Kh2 Ng4+ 34.Kh3 Nxe5
35.dxe5 g5 36.h6+ Kg6 37.Qd3+ Kxh6 0-1